| 000 | 00373nam a2200145Ia 4500 | ||
|---|---|---|---|
| 008 | 230917s9999||||xx |||||||||||||| ||und|| | ||
| 040 |
_e70009 _aMAIN |
||
| 041 | _aEnglish | ||
| 082 | _a891.2109 S23B | ||
| 100 | _aSharma, Raghu Nath | ||
| 245 | 0 | _aBhakti in the Vaisnava Rasa-sastra | |
| 260 |
_aDelhi _bPratibha Prakashan _c1996 |
||
| 300 | _axxxii, 456 p. | ||
| 942 | _cBK | ||
| 999 |
_c95064 _d95064 |
||